| 000 | 00694nam a22002417a 4500 | ||
|---|---|---|---|
| 999 |
_c1225 _d1225 |
||
| 001 | 14241 | ||
| 003 | BD-DhUAP | ||
| 005 | 20200204104417.0 | ||
| 008 | 200204s2009 ii ||||| |||| 00| 0 eng d | ||
| 020 | _a9789380231150 | ||
| 040 |
_aBD-DhUAP _bEng _cBD-DhUAP _dBD-DhUAP |
||
| 082 |
_223 _a349.54 DIW |
||
| 100 | _aDiwan, Paras. | ||
| 245 |
_aModern Hindu law : _bcodified and uncodified / _cParas Diwan and Peeyushi Diwan. |
||
| 250 | _a20th ed. | ||
| 260 |
_aFaridabad : _bAllahabad Law Agency, _cc2009. |
||
| 300 |
_axlviii, 610 pages ; _c24 cm. |
||
| 650 |
_aLaw _zIndia. |
||
| 650 |
_aHindu law _zIndia. |
||
| 650 | _aModern Hindu law. | ||
| 700 | _aDiwan, Peeyushi. | ||
| 942 |
_2ddc _cBK |
||